| 000 | 00866nam a22002897a 4500 | ||
|---|---|---|---|
| 003 | CHAP | ||
| 005 | 20220329135546.0 | ||
| 008 | 971013s1972 r 00010 d | ||
| 010 | _a38496 | ||
| 011 | _a39468 | ||
| 035 | _a43589 | ||
| 040 | _cCHAP | ||
| 090 | _aFolleto 8409 | ||
| 110 |
_aEspaña. Leyes, decretos, etc. _9175420 |
||
| 245 | _aMercados en origen de productos agrarios | ||
| 260 |
_aMadrid : _b(s.e.), _c1972 |
||
| 300 | _a55 p. | ||
| 590 |
_aBATCH-UPD _b10 _c20130110 _lUCH01 _h1001 |
||
| 590 |
_aBATCH-UPD _b10 _c20130410 _lUCH01 _h0612 |
||
| 590 |
_aBATCH-UPD _b10 _c20130914 _lUCH01 _h1939 |
||
| 590 |
_aCONVERSION _b10 _c20130109 _lUCH01 _h1321 |
||
| 650 | 1 | 4 |
_aProductos agrícolas _xLeyes. _991950 |
| 650 | 1 | 4 |
_aProductos agrícolas _xMercadeo. _991951 |
| 901 | _aBK | ||
| 942 | _cFOLL | ||
| 949 |
_aFolleto 8409 _bBC _cFOLL _d-99754 _eTS1 _i43589 _si |
||
| 999 |
_c38496 _d38496 |
||